000 00669nam a2200277Ia 4500
005 20260320195911.0
008 008 262003s9999 xx 000 0 hin d
020 _a9788171199716
037 _aEBOOK
040 _aCRL
040 _bhin
040 _cCRL
041 _2hin
041 _ahin
084 _qCRL
100 _aदेवेन्द्र कुमार
_91133493
245 0 _aएक छोटी बाँसुरी
250 _a1st
260 _bRajkamal
260 _c2011
300 _a80
856 _uhttps://ebook.indiaread.in/pdfs/ek_choti_bansuri.pdf
942 _cEBOOK
999 _c1717083
_d1717083